Bayna muʼtamarayn. (Record no. 48077)

MARC details
000 -LEADER
fixed length control field 00591cam a22002291 4500
001 - CONTROL NUMBER
control field ne 65000867
003 - CONTROL NUMBER IDENTIFIER
control field DLC
005 - DATE AND TIME OF LATEST TRANSACTION
control field 20260227111813.0
008 - FIXED-LENGTH DATA ELEMENTS--GENERAL INFORMATION
fixed length control field 890331s1964 xx 000 0 arar
010 ## - LIBRARY OF CONGRESS CONTROL NUMBER
LC control number ne 65000867
035 ## - SYSTEM CONTROL NUMBER
System control number (OCoLC)23509450
040 ## - CATALOGING SOURCE
Original cataloging agency DLC
Transcribing agency MiU
Modifying agency DLC
042 ## - AUTHENTICATION CODE
Authentication code premarc
050 00 - LIBRARY OF CONGRESS CALL NUMBER
Classification number DS38
Item number .Z3
100 1# - MAIN ENTRY--PERSONAL NAME
Personal name Zakī, Jamāl,
Dates associated with a name 1923-
245 10 - TITLE STATEMENT
Title Bayna muʼtamarayn.
260 ## - PUBLICATION, DISTRIBUTION, ETC.
Place of publication, distribution, etc. [n. p.]
Date of publication, distribution, etc. [1964]
300 ## - PHYSICAL DESCRIPTION
Extent 80 p.
Dimensions 20 cm.
500 ## - GENERAL NOTE
General note Romanized.
651 #0 - SUBJECT ADDED ENTRY--GEOGRAPHIC NAME
Geographic name Arab countries
General subdivision Politics and government.
700 1# - ADDED ENTRY--PERSONAL NAME
Personal name ʻUways, Muḥammad.
Relator term joint author.

No items available.

Powered by Koha